|
|
|
|
| LEADER |
00000nam0a2200000 4500 |
| 001 |
304602 |
| 005 |
20231102001722.0 |
| 020 |
|
|
|a RU
|b 83-37094
|
| 035 |
|
|
|a (RuTPU)RU\TPU\book\329849
|
| 090 |
|
|
|a 304602
|
| 100 |
|
|
|a 20150916d1983 k y0rusy5003 ca
|
| 101 |
0 |
|
|a rus
|
| 102 |
|
|
|a RU
|
| 105 |
|
|
|a y z 001zy
|
| 200 |
1 |
|
|a Гигиена труда при воздействии электромагнитных полей
|f под ред. В. Е. Ковшило
|
| 210 |
|
|
|a Москва
|c Медицина
|d 1983
|
| 215 |
|
|
|a 175 с.
|
| 320 |
|
|
|a Библиогр.: с. 166-174
|
| 606 |
1 |
|
|a Электромагнитные волны
|x Санитарные условия работы с ними
|2 stltpush
|3 (RuTPU)RU\TPU\subj\20181
|9 45301
|
| 610 |
1 |
|
|a гигиена труда
|
| 610 |
1 |
|
|a электромагнитное поле
|
| 610 |
1 |
|
|a воздействие
|
| 610 |
1 |
|
|a электростатическое поле
|
| 610 |
1 |
|
|a радиочастоты
|
| 610 |
1 |
|
|a инфракрасное излучение
|
| 610 |
1 |
|
|a ультрафиолетовое излучение
|
| 675 |
|
|
|a 613.647
|z rus
|v 4
|
| 702 |
|
1 |
|a Ковшило
|b В. Е.
|4 340
|
| 801 |
|
0 |
|a RU
|b RuMRKP
|c 19950704
|g psbo
|
| 801 |
|
1 |
|a RU
|b 63413507
|c 20150916
|
| 801 |
|
2 |
|a RU
|b 63413507
|c 20171005
|g RCR
|
| 942 |
|
|
|c BK
|